Planets of the Solar System - Sudden Death - Statistics

General Stats
  • This quiz has been taken 7 times
  • The average score is 6 of 8
Answers on the Grid
Answers color-coded by a green-red scale on the quiz's grid according to % correct below.
Mars
Sun
Moon
Earth
Neptune
Titan
Mercury
Pluto
Venus
Jupiter
Ganymede
Uranus
Io
Phobos
Saturn
Callisto
 
Answer Stats
Answer % Correct
Earth
100%
Jupiter
100%
Mercury
100%
Neptune
75%
Saturn
75%
Uranus
75%
Mars
50%
Venus
50%
No matching quizzes found
Score Distribution
Percent of People with Each Score
Percentile by Number Answered
Your Score History
You have not taken this quiz